| 000 | 01219nam a2200337 i 4500 | ||
|---|---|---|---|
| 999 |
_c200444557 _d62769 |
||
| 001 | 200444557 | ||
| 003 | TR-AnTOB | ||
| 005 | 20221220110742.0 | ||
| 007 | ta | ||
| 008 | 070106s1999 tu d 000 0 tur | ||
| 020 | _a9754070520 | ||
| 035 | _a(TR-AnTOB)200444557 | ||
| 040 |
_aTR-AnTOB _beng _erda _cTR-AnTOB |
||
| 041 | 0 | _atur | |
| 050 | 4 |
_aHD2056.7 _b.D46 1999 |
|
| 090 |
_aHD2056.7 _b.D46 1999 |
||
| 100 | 1 |
_aDemirci, Sevinç _eauthor _9133398 |
|
| 245 | 1 | 0 |
_aDestekleme alımı ve fark ödeme sisteminin refah ve dağılım etkilerinin incelenmesi (şeker, tütün ve fındık örneği) / _cSevinç Demirci. |
| 264 | 1 |
_aAnkara : _bTarımsal Ekonomi Araştırma Enstitüsü, _c1999. |
|
| 300 |
_a70 pages : _btables ; _c25 cm |
||
| 336 |
_atext _btxt _2rdacontent |
||
| 337 |
_aunmediated _bn _2rdamedia |
||
| 338 |
_avolume _bnc _2rdacarrier |
||
| 490 | 0 |
_aTarımsal Ekonomi Araştırma Enstitüsü ; _vno. 36. |
|
| 500 | _aProje raporu 1999-12. | ||
| 650 | 7 |
_aTarım _xEkonomik yönleri _zTürkiye _2etuturkob _919538 |
|
| 942 |
_2lcc _cBK |
||
| 949 |
_aHD 2056.7 D46 2000 _mBASKENT _wLC _iB056161 _d06/01/2007 _tKITAP _lMERKEZKUTU _kMERKEZKUTU _xBAGIS |
||